000 00660cam a22002413a 4500
001 2270
003 PGUSA
005 20140828083012.0
008 000701s2000||||xxu|||||s|||||000 d eng d
040 _aPGUSA
_beng
042 _adc
050 4 _aPR
100 1 _aShakespeare, William,
_d1564-1616
245 1 0 _aShakespeare's First Folio
_h[electronic resource] /
_cWilliam Shakespeare
260 _bProject Gutenberg,
_c2000
500 _aIncludes 35 plays.
506 _aPublic domain in the USA.
516 _aElectronic text
653 _aDrama
830 0 _aProject Gutenberg
_v2270
856 4 0 _uhttp://www.gutenberg.org/ebooks/2270
942 _cEB
999 _c231607
_d231607